000 00564cam a22002171 4500
001 sa 67005298
003 DLC
005 20260227112355.0
008 891009s1963 ii 000 0 hino
010 _asa 67005298
035 _a(OCoLC)20457379
040 _aDLC
_cWaU
_dDLC
042 _apremarc
050 0 0 _aPK2098.V4
_bJ3
100 1 _aVarmā, Vr̥ndāvanalāla,
_d1890-1969.
245 0 0 _aJahāndāraśāha.
260 _c[1963]
300 _a2, 45 p.
_c19 cm.
500 _aIn Hindi.
600 0 0 _aJahandar Shah,
_cEmperor of Delhi,
_d1663-1713
_vDrama.
999 _c75098
_d75098